Sindicatos y negociación colectiva

Saved in:
Bibliografiske detaljer
Hovedforfatter: Lanata Fuenzalida, Gabriela (autora)
Format: Bog
Sprog:spansk
Udgivet: Santiago Legal Publishing 2012
Udgivelse:1a. ed
Fag:
Tags: Tilføj Tag
Ingen Tags, Vær først til at tagge denne postø!

MARC

LEADER 00000cam a2200000 a 4500
001 UCF3114
003 CL-VaPUC
008 120927e20120800CL |||||||||||||||||spa|d
020 |a 9789563462302 
082 0 4 |a 344.8301  |b LAN  |2 21 
100 |a Lanata Fuenzalida, Gabriela  |e autora  |9 598877 
245 1 0 |a Sindicatos y negociación colectiva 
250 |a 1a. ed 
300 |a 282 p 
942 |c BK 
945 |d 20120927 00:00:00  |a dcastane 
260 |a Santiago  |b Legal Publishing  |c 2012 
650 0 |a Sindicatos  |9 255034 
650 0 |a Derecho y legislación   |9 255077 
650 0 |a Negociación colectiva  |9 312433 
650 0 |a Libertad individual  |9 352859 
583 |a last modification  |c 20120927 15:26:00  |k Rodrigo Vera 
999 |c 349609  |d 349607 
952 |0 0  |1 0  |4 0  |6 344_830100000000000_LAN_2012  |7 0  |8 A  |9 452290  |a BIBDER  |b BIBDER  |d 2019-11-22  |i 4909925  |l 1  |o 344.8301 LAN 2012  |p 4909925  |r 2023-06-02  |s 2023-06-02  |w 2019-11-22  |y BK  |k DER 
952 |0 0  |1 0  |4 0  |6 344_830100000000000_LAN_2012  |7 0  |8 A  |9 452291  |a BIBDER  |b BIBDER  |d 2019-11-22  |i 4909992  |o 344.8301 LAN 2012  |p 4909992  |r 2023-01-25  |w 2019-11-22  |y BK  |k DER 
952 |0 0  |1 0  |4 0  |6 344_830100000000000_LAN_2012  |7 0  |8 A  |9 452292  |a BIBDER  |b BIBDER  |d 2019-11-22  |i 4910001  |o 344.8301 LAN 2012  |p 4910001  |r 2023-01-25  |w 2019-11-22  |y BK  |k DER 
952 |0 0  |1 0  |4 0  |6 344_830100000000000_LAN_2012  |7 0  |8 A  |9 452293  |a BIBDER  |b BIBDER  |d 2019-11-22  |i 491001K  |l 1  |m 1  |o 344.8301 LAN 2012  |p 491001K  |r 2023-01-25  |s 2022-07-13  |w 2019-11-22  |y BK  |k DER